MARC

LEADER 00000nam0a2200000 4500
001 81751
005 20231101213204.0
020 |a RU  |b 94-5080ж 
035 |a (RuTPU)RU\TPU\book\87861 
090 |a 81751 
100 |a 20050923d1979 k y0rusy5003 ca 
101 0 |a rus 
102 |a RU 
105 |a a z 001zy 
200 1 |a Высокочастотная сварка металлов  |f В. Н. Иванов, И. В. Лунин, В. Л. Кулжинский  |g под ред. А. Н. Шамова 
205 |a 4-е изд., перераб. и доп. 
210 |a Ленинград  |c Машиностроение  |d 1979 
215 |a 96 с.  |c ил.  |d 21 см 
225 1 |a Библиотечка высокочастотника-термиста  |v Вып. 14 
606 |a Высокочастотная сварка  |2 stltpush  |3 (RuTPU)RU\TPU\subj\3966  |9 32289 
610 1 |a металлы 
610 1 |a теоретические основы 
610 1 |a симметричные изделия 
675 |a 621.791.7  |v 3 
700 1 |a Иванов  |b В. Н.  |g Владимир Николаевич 
701 1 |a Лунин  |b И. В.  |g Игорь Вячеславович 
701 1 |a Кулжинский  |b В. Л.  |g Владимир Леонтьевич 
702 1 |a Шамов  |b А. Н.  |4 340 
801 0 |a RU  |b RuMRKP  |c 19950413  |g psbo 
801 1 |a RU  |b 63413507  |c 20050923  |g PSBO 
801 2 |a RU  |b 63413507  |c 20180312  |g PSBO 
942 |c BK